[Event "Pamplona9495"]
[Site "Pamplona"]
[Date "1994.??.??"]
[Round "?"]
[White "Kortschnoj, Viktor"]
[Black "Rivas Pastor, Manuel"]
[Result "1-0"]
[WhiteElo "2635"]
[BlackElo "2520"]

1.d4 e6 2.e4 d5 3.Nd2 Be7 4.e5 h5 5.c3 g5 6.Bd3 b6 7.b4 c5 8.a3 a5 9.b5 cxd4
10.cxd4 Nd7 11.f4 a4 12.fxg5 Bxg5 13.Ndf3 Bh4+ 14.g3 Be7 15.Nh3 Nf8 16.O-O Kd7
17.Nfg5  1-0

[Event "Pardubice op"]
[Site "Pardubice"]
[Date "1994.??.??"]
[Round "3"]
[White "Nikolenko, Oleg"]
[Black "Dobrowolski, Piotr"]
[Result "1/2-1/2"]
[WhiteElo "2475"]
[BlackElo "2300"]

1.e4 e6 2.d4 d5 3.Nd2 a6 4.Bd3 c5 5.dxc5 Bxc5 6.Ngf3 Nf6 7.O-O Nc6 8.a3 Ba7
9.exd5 Nxd5 10.Ne4 Qc7 11.c4 Nf4 12.Bb1 O-O 13.Nd6 Ng6 14.Ng5 Nce7 15.Nxc8 Raxc8
16.b3 h6 17.Nf3 Rfd8 18.Qe2 Qa5 19.Be4 Rd7 20.b4 Qh5 21.c5 Bb8 22.g3 Nd5
23.Nd4 Qxe2 24.Nxe2 f5 25.Bc2 Be5 26.Ra2 Nge7 27.Bb3 Kf7 28.Rd1 Rcd8 29.Rad2 Nc6
30.f4 Bf6 31.Kf2 g5 32.Rd3 Ke7 33.Bxd5 Rxd5 34.Rxd5 exd5 35.Ke3 Kf7 36.Kd3 Re8
37.Nc3 Bxc3 38.Kxc3 d4+ 39.Kc4 g4 40.Rd2 Re1 41.Bb2 h5 42.Bxd4 h4 43.a4 Ke7
44.b5 axb5+ 45.axb5 Nxd4 46.Rxd4 Re2 47.gxh4 Rxh2 48.Rd5 g3 49.Rxf5 Rxh4
50.Rg5 Rxf4+ 51.Kd5 Rf3  1/2-1/2

[Event "Pardubice op2"]
[Site "Pardubice"]
[Date "1994.??.??"]
[Round "5"]
[White "Strasil, Pavel"]
[Black "Taudte, Stefan"]
[Result "1-0"]
[WhiteElo "2120"]
[BlackElo "2015"]

1.e4 e6 2.d4 d5 3.Nd2 a6 4.Ngf3 c5 5.exd5 exd5 6.Be2 Nc6 7.O-O c4 8.Re1 Be6
9.Nf1 Be7 10.Bf4 h6 11.Ne5 Nf6 12.Nxc6 bxc6 13.c3 O-O 14.Nd2 Re8 15.b3 cxb3
16.axb3 a5 17.Bd3 Bd6 18.Bxd6 Qxd6 19.Nf3 Bg4 20.Rxe8+ Rxe8 21.h3 Bxf3 22.Qxf3 g6
23.g3 Ne4 24.Bxe4 dxe4 25.Qe3 Qe6 26.c4 Qxh3 27.Rxa5 Kg7 28.b4 Qe6 29.Re5 Qd7
30.Qxe4 Ra8 31.Kg2 Ra4 32.Re7 Qd6 33.c5 Qf6 34.Rb7 Ra2 35.Qf4 Qe6 36.Qe5+ Qxe5
37.dxe5 Re2 38.Rb6 Rxe5 39.Rxc6 Re4 40.b5 Rb4 41.b6 Kf8 42.Rc7 Ke8 43.b7  1-0

[Event "Pardubice op"]
[Site "Pardubice"]
[Date "1994.??.??"]
[Round "7"]
[White "Howell, James C"]
[Black "Hausner, Ivan"]
[Result "1/2-1/2"]
[WhiteElo "2505"]
[BlackElo "2470"]

1.e4 e6 2.d4 d5 3.Nd2 Be7 4.Bd3 c5 5.dxc5 Nf6 6.Qe2 Nc6 7.Ngf3 Bxc5 8.a3 O-O
9.O-O Qc7 10.b4 Nd4 11.Nxd4 Bxd4 12.Rb1 Bd7 13.c4 Rac8 14.Bb2 Bxb2 15.Rxb2 Qf4
16.Rc2 Ba4 17.Rcc1 dxc4 18.Rxc4 Rxc4 19.Nxc4 Bb5 20.f3 Rd8 21.Nb2 Be8 22.g3 Qe5
23.Rc1 h5 24.Kg2 h4 25.Rc5 Qd4 26.Rc4 Qe5 27.Rc5 Qd4 28.Rc4 Qe5  1/2-1/2

[Event "PCA/Intel-GP"]
[Site "Paris"]
[Date "1994.??.??"]
[Round "2.1"]
[White "Smirin, Ilia"]
[Black "Nikolic, Predrag"]
[Result "1/2-1/2"]
[WhiteElo "2615"]
[BlackElo "2655"]

1.e4 e6 2.d4 d5 3.Nd2 a6 4.Ngf3 c5 5.dxc5 Bxc5 6.Bd3 Nc6 7.O-O Nge7 8.e5 Ng6
9.Nb3 Ba7 10.Qe2 Qc7 11.Re1 Bb8 12.Bxg6 hxg6 13.Bf4 Bd7 14.Rad1 Ba7 15.c3 Ne7
16.Nbd4 Nf5 17.Nxf5 gxf5 18.Nd4 Qd8 19.Qd2 Qh4 20.h3 Rc8 21.b3 b5 22.Be3 Bb8
23.Nf3 Qh5 24.c4 bxc4 25.Qb4 a5 26.Qa3 f6 27.Bd4 Kf7 28.Qxa5 cxb3 29.axb3 g5
30.exf6 g4 31.Qb4 Rh7 32.Ne5+ Bxe5 33.Bxe5 gxh3 34.Rd3 Qg4 35.Qxg4 fxg4 36.gxh3 gxh3
37.Ra1 h2+ 38.Bxh2 Rg8+ 39.Rg3 Rxg3+ 40.Bxg3  1/2-1/2

[Event "CRO-ch"]
[Site "Porec"]
[Date "1994.??.??"]
[Round "?"]
[White "Rogic, Davor"]
[Black "Levacic, Patrick"]
[Result "1-0"]
[WhiteElo "2390"]
[BlackElo "2265"]

1.e4 e6 2.d4 d5 3.Nd2 Be7 4.Ngf3 Nf6 5.Bd3 c5 6.e5 Nfd7 7.c3 b6 8.Qe2 Nc6
9.a3 Bb7 10.O-O Qc7 11.Re1 c4 12.Bc2 Nf8 13.Nf1 h6 14.Ng3 O-O-O 15.Be3 Kb8
16.Nd2 Ka8 17.b3 Na5 18.bxc4 dxc4 19.Be4 Rc8 20.Qf3 Bd8 21.Rab1 Ng6 22.Bxb7+ Qxb7
23.Nge4 Nh4 24.Qh3 Be7 25.a4 g5 26.g3 Nf3+ 27.Nxf3 Qxe4 28.Nd2 Qc6 29.Qg2 Qxg2+
30.Kxg2 Rc7 31.f4 g4 32.f5 h5 33.Rf1 Bd8 34.Ne4 Nc6 35.Bg5 Kb8 36.Bxd8 Rxd8
37.fxe6 fxe6 38.Rf6 Rh8 39.Rxe6 Nd8 40.Rf6 h4 41.a5 Rch7 42.Nf2 hxg3 43.Kxg3 Rxh2
44.axb6 a5 45.d5 R2h5 46.Re1 Nb7 47.e6 Rxd5 48.e7 Re8 49.Rf8 Nd6 50.Ne4  1-0

[Event "CRO-ch"]
[Site "Porec"]
[Date "1994.??.??"]
[Round "?"]
[White "Boto, Zeljko"]
[Black "Topalovic, Zlatko"]
[Result "1-0"]
[WhiteElo "2300"]
[BlackElo "2395"]

1.e4 e6 2.d4 d5 3.Nd2 Nc6 4.Ngf3 Nf6 5.e5 Nd7 6.c4 Ne7 7.cxd5 Nxd5 8.Bb5 a6
9.Ba4 b5 10.Bb3 Bb7 11.O-O c5 12.Ne4 c4 13.Bc2 h6 14.b3 c3 15.a3 a5 16.Re1 Qb6
17.Nh4 Be7 18.Nf3 g5 19.Re2 O-O-O 20.Ne1 Rdg8 21.Be3 Kb8 22.Nd3 Nxe3 23.Rxe3 Qxd4
24.Qe2 b4 25.axb4 axb4 26.Rd1 Nxe5 27.Nxe5 Qxe5 28.Nd6 Qc5 29.Nxb7 Kxb7 30.Re5 Qc7
31.Rb5+ Kc8 32.Qe4 Bd6 33.Rxd6 Qxd6 34.Qa8+ Kd7 35.Rb7+ Kc6 36.Be4+  1-0

[Event "Pula PCA op"]
[Site "Pula"]
[Date "1994.??.??"]
[Round "?"]
[White "Frolov, Artur"]
[Black "Zorman, Vojko"]
[Result "1-0"]
[WhiteElo "2525"]
[BlackElo "2325"]

1.e4 e6 2.d4 d5 3.Nd2 Nc6 4.Ngf3 g6 5.Bb5 Ne7 6.O-O Bg7 7.Re1 O-O 8.e5 Nf5
9.Bxc6 bxc6 10.Nb3 h6 11.h3 g5 12.Nc5 Ne7 13.h4 gxh4 14.Nxh4 Ng6 15.Nxg6 fxg6
16.Qg4 Qe8 17.a4 Rf5 18.Ra3 g5 19.Rh3 Qf7 20.f4 gxf4 21.Rf1 h5 22.Qh4 Bh6
23.Rhf3 Bg5 24.Qh3 Be7 25.Rxf4 Bxc5 26.dxc5 Bd7 27.R1f3 Kh7 28.Rh4 Be8 29.Bf4 Rb8
30.g4 Qg7 31.Kh1 Rf8 32.gxh5 Rxb2 33.Rg4 Qe7 34.Rg6 Rg8 35.Rh6+ Kg7 36.Qg4+  1-0

[Event "EUCup Gr"]
[Site "Pula"]
[Date "1994.??.??"]
[Round "2"]
[White "Horvath, Tamas"]
[Black "Vezzosi, Paolo"]
[Result "1-0"]
[WhiteElo "2475"]
[BlackElo "2300"]

1.e4 e6 2.d4 d5 3.Nd2 Be7 4.Bd3 c5 5.dxc5 Nf6 6.Qe2 Nc6 7.c3 O-O 8.Ngf3 Bxc5
9.O-O a5 10.e5 Nd7 11.Nb3 Be7 12.a4 Qb6 13.Nbd4 Nc5 14.Bc2 Na6 15.Nb5 Bd7
16.Ng5 h6 17.Nh7 Rfc8 18.Nf6+ Kf8 19.Bxh6 Nxe5 20.Bxg7+ Kxg7 21.Nh5+ Kg8
22.Qxe5  1-0

[Event "CRO-Cup"]
[Site "Pula"]
[Date "1994.??.??"]
[Round "4"]
[White "Storga, Dalibor"]
[Black "Kuzmanovic, Milan"]
[Result "1-0"]
[WhiteElo "2215"]
[BlackElo "2235"]

1.e4 e6 2.d4 d5 3.Nd2 Nc6 4.Bb5 Bd7 5.c3 Qg5 6.Bf1 O-O-O 7.Ngf3 Qe7 8.a4 e5
9.Bd3 exd4 10.O-O Bg4 11.Qc2 Nf6 12.exd5 Rxd5 13.h3 Bd7 14.Nc4 h6 15.Nxd4 Nxd4
16.cxd4 Rxd4 17.Be3 Rh4 18.Bxa7 Nd5 19.Rfc1 Bc6 20.Na5 Nb4 21.Bf5+ Kd8 22.Nxc6+ Nxc6
23.Rd1+ Ke8 24.Bd7+ Qxd7 25.Rxd7 Kxd7 26.Qf5+ Ke8 27.Re1+ Be7 28.Qc8+ Nd8
29.Qxc7 Ne6 30.Qc8+ Bd8 31.Rxe6+  1-0

[Event "Sala op"]
[Site "Sala"]
[Date "1994.??.??"]
[Round "5"]
[White "Manik, Mikulas"]
[Black "Tepper, Frantisek"]
[Result "1-0"]
[WhiteElo "2345"]
[BlackElo "2310"]

1.e4 e6 2.d4 d5 3.Nd2 Nc6 4.Ngf3 Nf6 5.e5 Nd7 6.c3 f6 7.Bb5 a5 8.O-O f5 9.Ne1 Na7
10.Bd3 Qe7 11.f4 c5 12.g4 g6 13.gxf5 gxf5 14.Ndf3 h6 15.Ng2 Rg8 16.Kh1 b6
17.Be3 Bb7 18.Qe2 Nc6 19.Rg1 Qf7 20.Bf2 Be7 21.Ne3 O-O-O 22.Nxf5 Rxg1+ 23.Rxg1 exf5
24.e6 Qf8 25.exd7+ Rxd7 26.Qe6 Kd8 27.Rg8  1-0

[Event "Sala op"]
[Site "Sala"]
[Date "1994.??.??"]
[Round "9"]
[White "Sorsak, Jozef"]
[Black "Huba, Martin"]
[Result "0-1"]
[WhiteElo "2125"]
[BlackElo "2145"]

1.e4 e6 2.d4 d5 3.Nd2 a6 4.Ngf3 c5 5.exd5 exd5 6.dxc5 Bxc5 7.Bd3 Nf6 8.O-O O-O
9.Nb3 Ba7 10.h3 h6 11.c3 Nc6 12.Bc2 Qc7 13.Nbd4 Be6 14.Be3 Bb8 15.Ne2 Qe7
16.Qd3 Bc7 17.Rfe1 Ne4 18.Bf4 Rad8 19.Qe3 Nf6 20.Ned4 Bxf4 21.Qxf4 Qd7 22.Nf5 Bxf5
23.Bxf5 Qd6 24.Qxd6 Rxd6 25.Rad1 g6 26.Bc2 Re8 27.Rxe8+ Nxe8 28.Bb3 Nc7 29.Nd4 Kf8
30.Kf1 Ke7 31.Ke2 Kd7 32.Rd3 Ne6 33.Nxe6 fxe6 34.f4 Ke7 35.Kf3 Kf6 36.g4 g5
37.f5 Ne5+ 38.Ke3 Nxd3 39.Kxd3 exf5 40.gxf5 Kxf5 41.Kd4 h5 42.Bxd5 Rxd5+
43.Kxd5 g4 44.hxg4+ hxg4 45.Kd4 Kf4  0-1

[Event "Sitges op"]
[Site "Sitges"]
[Date "1994.??.??"]
[Round "3"]
[White "Gutierrez, Ja"]
[Black "Moreno Ruiz, Javier"]
[Result "1/2-1/2"]
[WhiteElo "2240"]
[BlackElo "2360"]

1.e4 e6 2.d4 d5 3.Nd2 Nc6 4.c3 e5 5.exd5 Qxd5 6.Ngf3 exd4 7.Bc4 Qf5 8.O-O Be6
9.Bxe6 fxe6 10.Nxd4 Nxd4 11.cxd4 O-O-O 12.Qa4 Kb8 13.Nf3 Nf6 14.Bg5 Bd6 15.Bh4 g5
16.Bg3 Nd5 17.Rac1 Nf4 18.Qc2 Qg4 19.Kh1 h5 20.Ne5 Bxe5 21.f3 Qf5 22.Qxf5 exf5
23.dxe5 Nd3 24.Rc2 f4 25.Be1 Rhe8 26.Bc3 Nxe5 27.h4 g4 28.Bxe5 Rxe5 29.fxg4 hxg4
30.Rxf4 g3 31.Rc1 Red5 32.Rcf1 Rd2 33.Rf8 Kc8 34.Kg1  1/2-1/2

[Event "Sitges op"]
[Site "Sitges"]
[Date "1994.??.??"]
[Round "3"]
[White "Ionescu, Luiza"]
[Black "Hamdouchi, Hichem"]
[Result "0-1"]
[WhiteElo "2125"]
[BlackElo "2530"]

1.e4 e6 2.d4 d5 3.Nd2 Nc6 4.Ngf3 Nf6 5.e5 Nd7 6.c4 dxc4 7.Nxc4 Nb6 8.Nxb6 axb6
9.Bb5 Qd5 10.a4 Bd7 11.Be3 Bb4+ 12.Ke2 Be7 13.Qd2 Nb4 14.Bxd7+ Kxd7 15.Rhc1 Rxa4
16.Bg5 Rxa1 17.Rxa1 Qc4+ 18.Kd1 Bxg5  0-1

[Event "Sitges op"]
[Site "Sitges"]
[Date "1994.??.??"]
[Round "5"]
[White "Kuijf, Marinus"]
[Black "Buchenau, Frank"]
[Result "1-0"]
[WhiteElo "2425"]
[BlackElo "2265"]

1.e4 e6 2.d4 d5 3.Nd2 Nc6 4.Ngf3 Nf6 5.e5 Nd7 6.Nb3 a5 7.a4 b6 8.c3 Ba6 9.Bxa6 Rxa6
10.Ng5 h6 11.Nh3 Ra8 12.O-O Ne7 13.Nf4 Nf5 14.Qg4 g6 15.Nxe6 fxe6 16.Qxg6+ Ke7
17.g4 Ng7 18.Bxh6 Rxh6 19.Qxh6 Qe8 20.f4 Kd8 21.Qg5+ Qe7 22.Qg6 Qe8 23.Qxe8+ Kxe8
24.f5 exf5 25.gxf5 c5 26.Kg2 Rc8 27.Kh3 cxd4 28.Nxd4 Nc5 29.Rf3 Ne4 30.Rg1 Kf7
31.Rg6 Bc5 32.e6+  1-0

[Event "Wch U26"]
[Site "Sofia"]
[Date "1994.??.??"]
[Round "2"]
[White "Batceceg, Cagaan"]
[Black "Maric, Mirjana"]
[Result "1-0"]
[WhiteElo "2200"]
[BlackElo "2280"]

1.e4 e6 2.d4 d5 3.Nd2 Nc6 4.Ngf3 Nf6 5.e5 Nd7 6.c3 f6 7.exf6 Nxf6 8.Bd3 Bd6
9.Qe2 O-O 10.O-O Qe8 11.Re1 Qh5 12.Nf1 h6 13.Ng3 Qf7 14.Bc2 Re8 15.Ne5 Bxe5
16.dxe5 Nd7 17.f4 Nf8 18.Qg4 Ne7 19.Nh5 Kh8 20.Re3 Nf5 21.Rh3 Nh7 22.Qf3 Ne7
23.Be3 Bd7 24.Bc5 b6 25.Bxe7 Rxe7 26.Rg3 Qf8 27.f5 exf5 28.Nf4 Be8 29.Qxd5 c6
30.Qd6 g5 31.Ne6 Qf7 32.Nd8 Qg7 33.Nxc6 Bxc6 34.Qxc6 Rae8 35.Bxf5 Rxe5 36.Rf1 Re1
37.Rf3 Rxf1+ 38.Rxf1 Rf8 39.Bxh7 Rxf1+ 40.Kxf1 Kxh7 41.Qe4+ Kg8 42.Ke2 Qf7
43.Kd3 Kg7 44.c4 Qf1+ 45.Kc3 Qc1+ 46.Kb3 Qd1+ 47.Qc2 Qd6 48.h3 h5 49.Qf5 Qd1+
50.Ka3 Qd6+ 51.b4 Qe7 52.c5 Qe3+ 53.Ka4 Qe8+ 54.b5 Qd8 55.Qe5+ Kf7 56.c6 Qd1+
57.Kb4 Qb1+ 58.Kc4 Qxa2+ 59.Kd3 Qb1+ 60.Ke2 Qc2+ 61.Kf1 g4 62.Qxh5+ Ke7 63.Qe5+ Kf7
64.hxg4 Qd1+ 65.Kf2 Qxg4 66.Qd5+ Ke7 67.Qd7+ Qxd7 68.cxd7 Kxd7 69.g4 Ke6
70.Kf3 Ke5 71.Ke3 Kd5 72.Kf4 Kc5 73.g5  1-0

[Event "Solin"]
[Site "Solin"]
[Date "1994.??.??"]
[Round "8"]
[White "Rade, Miroslav"]
[Black "Kovacevic, Vlatko"]
[Result "0-1"]
[WhiteElo "2305"]
[BlackElo "2485"]

1.e4 e6 2.d4 d5 3.Nd2 Nc6 4.Ngf3 Nf6 5.e5 Nd7 6.Be2 a6 7.O-O f6 8.exf6 Qxf6
9.Nb3 Bd6 10.Bg5 Qf7 11.c4 h6 12.Bh4 O-O 13.Bg3 Bxg3 14.hxg3 Ne7 15.Rc1 c6
16.Bd3 dxc4 17.Bxc4 Nd5 18.Nc5 Nxc5 19.Bxd5 exd5 20.Ne5 Qf6 21.Rxc5 a5 22.Qd2 Qd8
23.Re1 Bd7 24.Rc3 Bf5 25.Rce3 Qd6 26.Rc3 Rf6 27.Rec1 Bd7 28.Qc2 Be8 29.a3 a4
30.Qd2 Re6 31.Re3 b6 32.Rce1 Bd7 33.f4 Rae8 34.Rc1 c5 35.Rec3 c4 36.Re3 R6e7
37.Rce1 Bf5 38.g4 Be4 39.f5 b5 40.Ng6 Rb7 41.g5 hxg5 42.Rh3 Qf6 43.g4 Kf7
44.Re2 Rbb8 45.Rh5 b4 46.axb4 Qd6 47.Kf2 Rxb4 48.Ne5+ Rxe5 49.dxe5 Qb6+ 50.Kf1 Bd3
51.Qxg5 Bxe2+ 52.Kg2 Bf3+ 53.Kf1 Bg2+ 54.Kxg2 Rxb2+  0-1

[Event "Sveti Sava"]
[Site "Sveti Sava"]
[Date "1994.??.??"]
[Round "?"]
[White "Marinkovic, Slavisa"]
[Black "Drasko, Milan"]
[Result "0-1"]
[WhiteElo "2375"]
[BlackElo "2545"]

1.e4 e6 2.d4 d5 3.Nd2 Nc6 4.Ngf3 Nf6 5.e5 Nd7 6.Be2 Be7 7.Nf1 O-O 8.Ne3 f6
9.exf6 Nxf6 10.O-O Bd6 11.c4 b6 12.b3 Ne7 13.Ne5 c5 14.Bb2 Bb7 15.Bf3 Qc7
16.cxd5 exd5 17.Rc1 Rad8 18.h3 a5 19.Nd3 Ne4 20.dxc5 bxc5 21.Bxe4 dxe4 22.Qg4 Ng6
23.Nxc5 Bxc5 24.Ba3 Ne5 25.Qe6+ Qf7 26.Qxf7+ Kxf7 27.Bxc5  0-1

[Event "Sveti Sava"]
[Site "Sveti Sava"]
[Date "1994.??.??"]
[Round "?"]
[White "Ciric, Dragoljub M"]
[Black "Drasko, Milan"]
[Result "0-1"]
[WhiteElo "2365"]
[BlackElo "2545"]

1.e4 e6 2.d4 d5 3.Nd2 Nc6 4.c3 e5 5.dxe5 dxe4 6.Qa4 e3 7.fxe3 Ne7 8.Ngf3 Ng6
9.Qe4 Be7 10.Bc4 O-O 11.O-O Na5 12.Bd3 Be6 13.Nd4 Bd5 14.Qf5 c5 15.N4f3 Nc6
16.Be4 Be6 17.Qh5 Qd7 18.h3 Rad8 19.b3 Qc7 20.Bb2 Ncxe5 21.c4 Nd3 22.Bxd3 Rxd3
23.Rae1 f5 24.Nb1 Qg3 25.Nc3 Nh4 26.Nxh4 Bxh4 27.Ne2 Qxe3+ 28.Kh1 Bxe1 29.Nf4 Bc3
30.Nxd3 Qxd3 31.Rd1 Qe3 32.Bxc3 Qxc3 33.Qe2 Bf7 34.Qf2  0-1

[Event "SVK-chT"]
[Site "?"]
[Date "1994.??.??"]
[Round "?"]
[White "Janko, Ladislav"]
[Black "Molnar, Vojtech"]
[Result "1-0"]
[WhiteElo "2155"]
[BlackElo "2220"]

1.e4 e6 2.d4 d5 3.Nd2 a6 4.Ngf3 c5 5.exd5 exd5 6.dxc5 Bxc5 7.Nb3 Ba7 8.c4 Qe7+
9.Qe2 dxc4 10.Qxe7+ Nxe7 11.Bxc4 Nbc6 12.O-O Bg4 13.Nbd2 O-O 14.b4 b5 15.Bb3 Nxb4
16.Ne5 Bh5 17.Ba3 a5 18.g4 Bg6 19.Ndf3 Rac8 20.Rad1 Rfd8 21.Ng5 Bd4 22.Nxg6  1-0

[Event "Wch U16"]
[Site "Szeged"]
[Date "1994.??.??"]
[Round "7"]
[White "Vescovi, Giovanni"]
[Black "Galyas, Miklos"]
[Result "1-0"]
[WhiteElo "2430"]
[BlackElo "2245"]

1.e4 e6 2.d4 d5 3.Nd2 Be7 4.Ngf3 Nf6 5.Bd3 c5 6.exd5 Nxd5 7.dxc5 Bxc5 8.Ne4 Be7
9.a3 Nc6 10.O-O O-O 11.c4 Nf6 12.Qc2 h6 13.Bf4 Nh5 14.Be3 e5 15.Rad1 Bg4
16.Be2 Qc8 17.b4 Nf6 18.Ng3 Re8 19.h3 Bxf3 20.Bxf3 Qc7 21.Nf5 Bf8 22.c5 e4
23.Be2 Rad8 24.Qb3 Qe5 25.Nd6 Bxd6 26.cxd6 Rxd6 27.Bc4 Red8 28.Bxf7+ Kh8
29.Rxd6 Qxd6 30.Bc4 Ne5 31.Bf4 Qe7 32.Bxe5 Qxe5 33.Re1 Rd2 34.Qe3 Rc2 35.Bf7 Kh7
36.Qb3 Rb2 37.Qe6 Qf4 38.Rf1 Rd2 39.g3 Qf3 40.Qe5 Re2 41.Bc4 Rd2 42.Be6 h5
43.h4 Re2 44.Bc4 Rd2 45.Qg5 Rc2 46.Bf7 Re2 47.Bg6+ Kh8 48.Qc5 Qb3 49.Qc8+ Qg8
50.Qxb7 e3 51.Qf3 exf2+ 52.Rxf2 Re1+ 53.Rf1 Qe6 54.Bf5 Qe5 55.Kf2 Ng4+ 56.Bxg4 Rxf1+
57.Kxf1 hxg4 58.Qxg4 Qa1+ 59.Kg2 Qxa3 60.Qh5+ Kg8 61.Qe8+ Kh7 62.Qe4+ Kh8
63.Kh3 Qc1 64.Kg4 Qd1+ 65.Kf5 Qh5+ 66.Kf4 Qf7+ 67.Kg4 Qd7+ 68.Kg5 Qb5+ 69.Kg6 Qb6+
70.Kf7 Qf6+ 71.Ke8 Qd6 72.g4 Qb8+ 73.Kf7 Qc7+ 74.Kf8 Qd8+ 75.Kf7 Qf6+ 76.Ke8 Qxh4
77.Kd7 Qf6 78.Qh1+ Kg8 79.Qd5+ Kh8 80.g5 Qb6 81.b5 Kh7 82.Qf5+ Kh8 83.Qh3+ Kg8
84.Qe6+  1-0

[Event "Szekszard op"]
[Site "Szekszard"]
[Date "1994.??.??"]
[Round "7"]
[White "Molnar, Bela"]
[Black "Varga, Zoltan"]
[Result "1-0"]
[WhiteElo "2355"]
[BlackElo "2480"]

1.e4 e6 2.d4 d5 3.Nd2 Nc6 4.Ngf3 Nf6 5.e5 Nd7 6.c3 f6 7.Bd3 fxe5 8.Nxe5 Ndxe5
9.dxe5 Nxe5 10.Qh5+ Nf7 11.Bxh7 Qg5 12.Qxg5 Nxg5 13.Bg6+ Ke7 14.f4 Kf6 15.Bd3 Nf7
16.Nf3 Bd6 17.Be3 c5 18.O-O Nh6 19.Ne5 Nf5 20.Bf2 g6 21.g4 Ne7 22.h4 b6 23.Rae1 c4
24.Bc2 Bc5 25.Nf3 Nc6 26.Kg2 Bxf2 27.Rxf2 Rb8 28.Kg3 b5 29.a3 a5 30.Rfe2 Rb6
31.Ne5 Ne7 32.Rh2 b4 33.axb4 axb4 34.Ra1 b3 35.Bb1 Ra6 36.Rxa6 Bxa6 37.h5 gxh5
38.Rxh5 Rxh5 39.gxh5 d4 40.cxd4 Nf5+ 41.Kf2 Nxd4 42.Ke3 c3 43.bxc3 Ne2 44.h6 Nxc3
45.h7 Kg7 46.Nf7 Nd5+ 47.Kf3  1-0

[Event "Balkaniad"]
[Site "Varna"]
[Date "1994.??.??"]
[Round "1"]
[White "Kotronias, Vasilios"]
[Black "Drasko, Milan"]
[Result "1-0"]
[WhiteElo "2545"]
[BlackElo "2545"]

1.e4 e6 2.d4 d5 3.Nd2 Nc6 4.Ngf3 Nf6 5.e5 Nd7 6.c3 f6 7.Bb5 fxe5 8.dxe5 Be7
9.O-O O-O 10.Re1 Rf7 11.c4 Nb6 12.cxd5 Qxd5 13.Qe2 Nb4 14.Rd1 a6 15.Bc4 Nxc4
16.Nxc4 Qc6 17.Bg5 Bf8 18.Rd8 b5 19.Na5 Qb6 20.Qe4 Nd5 21.Be3 Qxa5 22.Ng5 Rf5
23.Rxd5 h6 24.Rd3 Rb8 25.Nh3 Qb4 26.Qc6 Qc4 27.Rc3 Qxc6 28.Rxc6 Rxe5 29.Rxc7 Bd6
30.Rc6 Rd5 31.Nf4 Bxf4 32.Bxf4 e5 33.Bg3 Bb7 34.Rc7 Rbd8 35.h4 R8d7 36.Rac1 e4
37.R1c5 Rd3 38.Bf4 Kh7 39.Kh2 Kg8 40.Be3 Kf7 41.Kg3 Ke6 42.Kf4 R3d5 43.Rxd7 Rxd7
44.Re5+ Kf7 45.g4 Bd5 46.a3 Bb7 47.h5 Rd6 48.Kg3 Rd7 49.Rf5+ Ke8 50.Rc5 Kf7
51.Kh4 Ke6 52.Bf4 Kf7 53.Be5 Kg8 54.Bf4 Rf7 55.Be3 Rd7 56.Kg3 Kf7 57.Rf5+ Ke8
58.Bc5 Rf7 59.Re5+ Kd7 60.Be3 Bc6 61.Bf4 Re7 62.Rc5 Bb7 63.g5 hxg5 64.Rxg5 Rf7
65.Be5 Rf3+ 66.Kh4 Rxf2 67.Rxg7+ Ke6 68.Bg3 Rf7 69.Rg6+ Kf5 70.Rg5+ Kf6 71.Bf4 Rd7
72.h6 Rd1 73.Be5+ Kf7 74.Bh2 Rh1 75.Kg3 e3 76.h7 e2 77.Re5 Kg7 78.Rxe2 Bd5
79.Re7+ Kh8 80.b4 Bc6 81.Re6 Bd5 82.Rh6 Be4 83.Kf2  1-0

[Event "Balkaniad"]
[Site "Varna"]
[Date "1994.??.??"]
[Round "3"]
[White "Zadrima, Aldo"]
[Black "Drasko, Milan"]
[Result "1-0"]
[WhiteElo "2260"]
[BlackElo "2545"]

1.e4 e6 2.d4 d5 3.Nd2 Be7 4.Ngf3 Nf6 5.Bd3 c5 6.exd5 Qxd5 7.dxc5 Nbd7 8.Nb3 O-O
9.O-O Nxc5 10.Nxc5 Qxc5 11.Qe2 b6 12.Ne5 Bb7 13.Re1 Rad8 14.a3 Qd5 15.f4 Bc5+
16.Kf1 Qd4 17.Be3 Qxe3 18.Qxe3 Bxe3 19.Rxe3 Nd5 20.Rf3 Rc8 21.Re1 Rfd8 22.Rf2 Rc5
23.g3 b5 24.Rd2 a6 25.Kf2 g6 26.Be4 Kg7 27.Bf3 Rc7 28.Red1 Rdc8 29.c3 f6
30.Ng4 Kf7 31.Ne3 Nxe3 32.Kxe3 Bxf3 33.Kxf3 Ke7 34.Rd6 Ra7 35.Rb6 Rc5 36.Rdd6 Rd7
37.Rxe6+ Kd8 38.Rxf6  1-0

[Event "LTU-ch  Vilnius"]
[Site "Vilnius"]
[Date "1994.??.??"]
[Round "6"]
[White "Novikov, Vitalij"]
[Black "Kryzius, Kestutis"]
[Result "0-1"]
[WhiteElo "2315"]
[BlackElo "2055"]

1.e4 e6 2.d4 d5 3.Nd2 Nc6 4.c3 dxe4 5.Nxe4 Qd5 6.Nd2 e5 7.Ngf3 exd4 8.Bc4 Qh5
9.O-O Be6 10.Bxe6 fxe6 11.Qa4 O-O-O 12.Nb3 dxc3 13.bxc3 Bd6 14.h3 Nf6 15.Nbd4 Nxd4
16.Nxd4 a6 17.Rb1 Nd7 18.Be3 Nb6 19.Qb3 Rhe8 20.Rfd1 Bc5 21.a4 Qd5 22.Qc2 Nc4
23.Re1 Na3 24.Qxh7 Nxb1 25.Rxb1 e5 26.Qf5+ Rd7 27.Qh5 exd4 28.Qxe8+ Rd8 29.Qxd8+ Qxd8
30.cxd4 Bd6 31.g3 Qd7 32.h4 Qxa4 33.Kg2 Qe8 34.Rh1 Qe4+ 35.Kh2 Bxg3+ 36.fxg3 Qxe3
37.Rg1  0-1

[Event "Werfen op"]
[Site "Werfen"]
[Date "1994.??.??"]
[Round "?"]
[White "Womacka, Mathias"]
[Black "Lempert, Igor"]
[Result "1/2-1/2"]
[WhiteElo "2430"]
[BlackElo "2510"]

1.e4 e6 2.d4 d5 3.Nd2 Be7 4.c3 c5 5.exd5 exd5 6.Ngf3 Nf6 7.dxc5 Bxc5 8.Nb3 Bb6
9.Bb5+ Nc6 10.O-O O-O 11.Bg5 a6 12.Ba4 Bg4 13.Qd3 h6 14.Bh4 g5 15.Bg3 Ne4
16.Bxc6 bxc6 17.Ne5 Bd7 18.Nd4 c5 19.Ndc6 Bxc6 20.Nxc6 c4 21.Qxd5 Qxd5 22.Ne7+ Kh7
23.Nxd5 Ba7 24.Bc7 Rfe8 25.Rae1 f5 26.Bb6 Reb8 27.Bxa7 Rxa7 28.Re2 Rab7 29.Rb1 Rd8
30.f3 Rxd5 31.fxe4 Re5 32.b4 cxb3 33.Rxb3 Rc7 34.Kf2 fxe4 35.Ke3 Ra5 36.Rd2 Ra4
37.a3 Rac4 38.Rc2 a5 39.Kd2 R7c5 40.Rb6 h5 41.Rd6 Rc7 42.Rd5 Kg6 43.Rxa5 Rd7+
44.Ke2 Rd3 45.Re5  1/2-1/2

[Event "Wrexham"]
[Site "Wrexham"]
[Date "1994.??.??"]
[Round "?"]
[White "Abbasi, Nasser M"]
[Black "Karlsson, Lars"]
[Result "0-1"]
[WhiteElo "2280"]
[BlackElo "2500"]

1.e4 e6 2.d4 d5 3.Nd2 a6 4.Ngf3 c5 5.exd5 exd5 6.Be2 Nf6 7.O-O Bd6 8.dxc5 Bxc5
9.Nb3 Bb6 10.Bg5 O-O 11.c3 Re8 12.Nbd4 Qd6 13.Bxf6 Qxf6 14.Bd3 Nc6 15.h3 g6
16.Qb3 Bxd4 17.Nxd4 Nxd4 18.cxd4 Qxd4 19.Rfd1 Qf6 20.Rac1 b5 21.a4 bxa4 22.Qxa4 Be6
23.b4 Qg5 24.Kf1 Qf4 25.Kg1 a5 26.Bb5 axb4 27.Bxe8 Rxa4 28.Bxa4 d4 29.Rb1 Qd6
30.Bb3 Bf5 31.Ra1 Kg7 32.Ra7 Be6 33.Bxe6 Qxe6 34.Raa1 Qe4 35.Rab1 Qc2 36.g3 b3
37.Kg2 b2 38.Re1 Kf6 39.Kf3 h5 40.h4 Kf5 41.Rbd1 d3 42.Ke3 d2  0-1

[Event "Aars"]
[Site "Aars"]
[Date "1995.??.??"]
[Round "4"]
[White "Hansen, Sune Berg"]
[Black "Grabov, Steen"]
[Result "1-0"]
[WhiteElo "2490"]
[BlackElo "2270"]

1.e4 e6 2.d4 d5 3.Nd2 Nc6 4.c3 e5 5.exd5 Qxd5 6.Ngf3 exd4 7.Bc4 Qh5 8.cxd4 Be6
9.Bxe6 fxe6 10.Qb3 O-O-O 11.Qxe6+ Kb8 12.O-O Nf6 13.Nb3 Bd6 14.h3 Rdf8 15.Be3 Nd8
16.Qc4 Nd5 17.Nbd2 Nf4 18.Bxf4 Rxf4 19.Rae1 Rhf8 20.Ne5 Bxe5 21.Rxe5 Qg6
22.Nb3 b6 23.Re7 Qd6 24.Rxg7 Rxf2 25.Rxf2 Rxf2 26.Kxf2 Qf6+ 27.Kg1 Qxg7 28.Qd5 Nb7
29.Nd2 Nd6 30.Nf3 Qg6 31.Kh2 Nf5 32.Qe4 Qd6+ 33.Ne5 Ne7 34.Qxh7 Kb7 35.Qe4+ c6
36.a3 Nd5 37.Qh7+ Ka6 38.Qg6  1-0

[Event "Aceimar op"]
[Site "Aceimar"]
[Date "1995.??.??"]
[Round "?"]
[White "Vallejo Pons, Francisco"]
[Black "Rivera, Daniel"]
[Result "1-0"]
[WhiteElo "2325"]
[BlackElo "2380"]

1.e4 e6 2.d4 d5 3.Nd2 Nc6 4.Ngf3 Nf6 5.e5 Nd7 6.Nb3 Be7 7.g3 a5 8.Bf4 b6
9.Nc1 O-O 10.Bh3 Ba6 11.c3 Na7 12.Nd3 c5 13.O-O Nc6 14.Re1 Rc8 15.a3 a4 16.Be3 cxd4
17.cxd4 Bc4 18.Bf1 Na5 19.Nd2 Nb3 20.Nxb3 Bxb3 21.Qg4 Nb8 22.Bh6 g6 23.Rac1 Re8
24.h4 Qd7 25.h5 Rxc1 26.Rxc1 Rc8 27.Rxc8+ Qxc8 28.Nf4 Bf8 29.Bxf8 Kxf8 30.Qh4 Kg8
31.Bb5 Bc4 32.Bxa4 b5 33.Bd1 Nc6 34.b3 Bxb3 35.Bxb3 Nxd4 36.Bd1 Qc1 37.Qg4 Nc6
38.Qe2 Qxa3 39.Qxb5 Qc1 40.Kg2 gxh5 41.Nxh5 Qxd1 42.Nf6+ Kg7 43.Qxc6 Qd4
44.Qd6 Kg6 45.Qb8 Kf5 46.Qf8 Qxe5 47.g4+ Kf4 48.Qh6+  1-0

[Event "Ankara zt"]
[Site "Ankara"]
[Date "1995.??.??"]
[Round "3"]
[White "Zadrima, Aldo"]
[Black "Lputian, Smbat G"]
[Result "0-1"]
[WhiteElo "2270"]
[BlackElo "2630"]

1.e4 e6 2.d4 d5 3.Nd2 Be7 4.Bd3 c5 5.dxc5 Nd7 6.exd5 exd5 7.Ngf3 Nxc5 8.Bb5+ Bd7
9.Bxd7+ Qxd7 10.O-O Nf6 11.Nb3 O-O 12.Nbd4 Rfe8 13.h3 Bd6 14.Be3 Re4 15.Re1 Rae8
16.c3 h6 17.Nb3 b6 18.Bd4 Qf5 19.Bxf6 Qxf6 20.Nxc5 Bxc5 21.Qd2 a5 22.Rad1 g6
23.Kf1 Qf5 24.Kg1 Kg7 25.a3 a4 26.Kf1 g5 27.Kg1 Kg6 28.Nd4 Bxd4 29.cxd4 f6
30.Rxe4 Qxe4 31.Qb4 Qc2 32.Rf1 Qb3 33.Qd2 Re4 34.Re1 Kf5 35.Rc1 h5 36.Rc3 Qb5
37.Qc2 Qe2 38.Rf3+ Kg6 39.Re3 Qxc2  0-1

[Event "ARG-ch"]
[Site "?"]
[Date "1995.??.??"]
[Round "5"]
[White "Zarnicki, Pablo"]
[Black "Giaccio, Alfredo"]
[Result "0-1"]
[WhiteElo "2570"]
[BlackElo "2410"]

1.e4 e6 2.d4 d5 3.Nd2 a6 4.Ngf3 c5 5.dxc5 Bxc5 6.Bd3 Nc6 7.O-O Nge7 8.c3 O-O
9.Qe2 Ng6 10.Nb3 Bd6 11.Bg5 Qc7 12.Rad1 h6 13.Be3 Nge7 14.Bb1 dxe4 15.Bxe4 f5
16.Bc2 e5 17.Bb6 Qb8 18.g3 Rf6 19.Nc5 e4 20.Nd4 Bc7 21.Bb3+ Kh7 22.Nxc6 Rxc6
23.Nd7 Bxd7 24.Rxd7 Bxb6 25.Rxe7 Rc7 26.Re6 Rc6 27.Re7 Rc7 28.Re5 Rxc3 29.Rxf5 Rxg3+
30.Kh1 Rh3 31.f4 exf3 32.R5xf3 Rxf3 33.Rxf3 Qe8 34.Bc2+ Kh8 35.Qd3 Qg8 36.Qg6 Rc8
37.Be4 Rc1+  0-1